MDQL
is popping MORE tags! Check the
thread
!
Quizzes
Events
Quiz Creation
Community
Videos
Private Events
Remove Ads
Sign In
Join for FREE
Feedback
Dark Mode
Quiz Categories
Sports
Geography
Music
Movies
Television
Just For Fun
Miscellaneous
History
Literature
Language
Science
Gaming
Entertainment
Religion
Holiday
For Kids
Quiz Lab
Recent
Popular Today
Quiz Kudos Today
Editor Picks
Curator Picks
Quizzes by...
Day
Popularity
Type
Ratings
Length
Year
Community
Subscriptions
Recent Discussions
Orange Saloon
Badges
Playlists
Quests
Create
Leaderboards
Showdown
Live 5
Trivia Bingo
Activity
Puzzle Library
Sporcle Events
Private Events
Virtual Trivia
Globe League
Become a Host
Pub Owners
SporcleCon
Opinionation
Our Games
Videos
Blog
Mobile Apps
Partnerships
Remove Ads and Go Orange
Feedback
Movies
Disney
Marvel Cinematic Universe
Movie Resume
Movie Titles
Oscar
Actor
Actress
Director
Pixar
Role
Movie Quotes
Movie Characters
Box Office
Nominee
Best Picture
Star Wars
James Bond
Horror Movies
Movies
Disney
Marvel Cinematic Universe
Movie Resume
Movie Titles
Oscar
Actor
Actress
Director
Pixar
Role
Movie Quotes
Movie Characters
Box Office
Nominee
Best Picture
Star Wars
James Bond
Horror Movies
Random Quiz
Search Sporcle
×
Quiz Lab
Quiz Lab
Movies
monologue
Type in answers that appear in a list
Type in answers that appear in a list
Classic
Best Score? Go Orange.
Shawshank Redemption: The Roof Tarring Monologue Stats
Can you name the words from the roof-tarring monologue in Shawshank Redemption?
By
RonBurgundy
10m
184 Questions
1,150 Plays
1,150 Plays
1,150 Plays
Comments
Comments
Give Quiz Kudos
Give Quiz Kudos
-
- Ratings
hide this ad
Replay
Link that replays current quiz
Next Quiz
Link to next quiz in quiz playlist
You Got
0%
They Got
Avg Score
67%
Avg Friend Score
Upgrade to see
Score Distribution
Jump to the score distribution portion of the page
Score
0/184
Timer
10:00
0
Plays Today
% Correct
a
96.3%
a
96.3%
a
96.3%
a
96.3%
a
96.3%
a
96.3%
I
94.8%
I
94.8%
the
93%
the
93%
the
93%
the
93%
the
93%
the
93%
the
93%
(Red) The
93%
the
93%
the
93%
the
93%
the
93%
the
93%
And
92.8%
and
92.8%
and
92.8%
on
87.9%
on
87.9%
on
87.9%
beer,
87.3%
beer.
87.3%
it
87.2%
it
87.2%
it
87.2%
to
86.9%
to-
86.9%
to
86.9%
to
86.9%
to
86.9%
roof
85.4%
roof
85.4%
of
84.7%
of
84.7%
of
84.7%
of
84.7%
of
84.7%
of
84.7%
he
84.5%
he
84.5%
Andy,
84.2%
Andy?
84.2%
(Andy) No
82.4%
that
82.3%
that
82.3%
that
82.3%
that
82.3%
We
81.9%
we
81.9%
We
81.9%
cold
81.1%
cold,
81.1%
cold
81.1%
in
80.7%
in
80.7%
% Correct
in
80.7%
in
80.7%
(Hadley) Drink
79.8%
drink
79.8%
Me,
77.8%
up
77.1%
up
77.1%
one
77.1%
one,
77.1%
up
77.1%
day
76.1%
our
75.9%
our
75.9%
just
75.7%
did
75.7%
feel
75.6%
sun
75.4%
for
75.1%
for
75.1%
think
74.8%
his
73.9%
his
73.9%
while
73.6%
while.
73.6%
sat
73.2%
like
73.1%
men.
72.5%
free
71.7%
with
71.2%
with
71.2%
face,
71.1%
thanks.
70.6%
(Heywood) Want
70.5%
drinking
69.5%
drinking.
69.5%
it's
69.3%
smile
67.4%
came
67.1%
gave
66.9%
(Red) You
66.9%
could
66.3%
us
65.8%
us
65.8%
last
65.7%
tarring
65.2%
normal
64.9%
if
64.4%
felt
63.8%
As
63.7%
ladies.
62.9%
even
62.3%
again...
62.3%
drank
62%
Prison.
61.8%
how
61.7%
little
61.6%
guards.
61.2%
second-
60.6%
own
60.6%
Shawshank
60.3%
at
59.7%
at
59.7%
% Correct
pass,
59.3%
that's
59%
were
59%
houses.
58.3%
short
57.7%
only
57.4%
been
57%
ever
56.5%
watching
54.7%
shade,
54%
all
53%
sound
51%
job,
50.7%
Or
50.3%
style
49.8%
managed
49.6%
Bohemia-
49.1%
screw
48.4%
friends
48.3%
favor
48.1%
prick
47.8%
shoulders,
47.7%
tarred
47.5%
few
46.6%
could'a
46%
crew
45.8%
morning,
45.8%
walked
45.8%
Hell,
45.1%
hardest
45%
spring
44.9%
courtesy
44.8%
make
44.6%
curry
43.6%
State
43.1%
magnanimous.
42.3%
10
41.2%
sitting
41%
cons.
40.9%
maybe
40.2%
Lords
39.7%
spent
39.4%
o'clock
39.1%
strange
39%
Creation.
38.2%
turn
37.7%
colossal
37.1%
among
36.6%
factory
36.3%
icy
35.1%
convict
35%
plate
32.6%
done
32%
hunkered
31.9%
break
31%
'49
30.3%
row
29.6%
he'd
27.6%
argue
27.3%
wound
27.1%
Quiz Playlist
Details
Report
Send in Message
Add To Playlist
Classic:
Type in answers that appear in a list
Quiz Source
Last Updated: Jun 22, 2017
Quiz Scoreboard
CHALLENGE
Sign Up to Join the Scoreboard
Show All
Scores
Hide
Comments
May contain spoilers
Recently Published
Colored Red Africa Blitz
by spor1
Geography
30s
Find the 'City' Movie
by crazypaving
Movies
60s
5x2 Blitz: Bands
by SL_Kpop136
Music
30s
More to Explore
Quiz From the Vault
Featured Blog Post
14 Easter Pick-up Lines to Find Eggs With
hide this ad
You Might Also Like...
Tags
monologue
Movie Scenes
Shawshank Redemption
Today's Top Quizzes in Movies
Browse Movies
hide this ad
Today's Top Quizzes in monologue
Browse monologue
Top Contributed Quizzes in Movies
1
Find The 'Big' Movie
2
Find The 'Blue' Movie
3
Find The 'Wild' Movie
4
Movies By Plot
5
Hidden Star Wars Character II
6
Pick 5 Posters: Directed by Spielberg
7
Hidden Star Wars Character III
8
Hidden Star Wars Character IV
9
25 Best Actor Nominees (1990s)
10
Alfred Hitchcock Movies by Plot
Explore More
Trending Topics
Anime
Harry Potter
Disney
Crossword
Marvel
NBA
Kpop
WWE
Puzzle
The Office
Song
Pokémon
NFL
Soccer
Country
hide this ad
More By:
RonBurgundy
Quiz
Plays
Rating
Category
Featured
Created
Shawshank Redemption: The Roof Tarring Monologue
1,150
5.00
Movies
Jan 4, 2013
Sports Movie Losing Teams
179
4.75
Movies
Feb 22, 2013
NFL Leaders by Team - 1980s
130
4.75
Sports
Jan 26, 2019
Go to Creator's Profile
Score Distribution
Quiz Creator Spotlight
RonBurgundy
Follow
Send a Message
Quizzes Created
-
Created Quiz Play Count
-
More By This Creator
Popular Quizzes Today
1
Colored Red Africa Blitz
2
Find the 'City' Movie
3
5x2 Blitz: Bands
4
Find the US States - No Outlines Minefield
5
The Countries of the World
6
Find the US States
7
US States
8
Find the Countries of Europe - No Outlines Minefield
More Movies Quizzes
Profile: Mace Windu
Quiz Lab
Trending Quizzes
Colored Red Europe Blitz I
Colored Red Africa Blitz II
Colored Red Europe Blitz II
Colored Red Africa Blitz III
Colored Red Europe Blitz III
Recently Updated
How Do You Spell That?
pecheneg
Godzilla Movies
pecheneg
Grab Bag: 4-10 Letters
pecheneg
2024 March Madness Bracket
pecheneg
Famous TV Couples
Peacemaker
Champions League XIs: Real Madrid
pecheneg
Largest US Cities 1790-2010
pecheneg
Rides in Walt Disney World
pecheneg
Most Oscar Losses (Acting)
pecheneg
Beyoncé Albums
pecheneg
Trending Topics
Kpop
Crossword
Anime
Disney
NBA
Harry Potter
Marvel
Country
WWE
Song
Soccer
The Office
NFL
Puzzle
Pokémon
Your Account Isn't Verified!
In order to create a playlist on Sporcle, you need to verify the email address you used during registration. Go to your
Sporcle Settings
to finish the process.
Report this User
Report this user for behavior that violates our
Community Guidelines
.
Details:
Send Report
Go to the Sporcle.com Mobile Site →
Comments